| 000 | 00575nam a22001817a 4500 | ||
|---|---|---|---|
| 999 |
_c16551 _d16551 |
||
| 003 | AR-CdUCM | ||
| 008 | 190503b ||||| |||| 00| 0 spa d | ||
| 040 |
_aMUNICIPALIDAD PROVINCIAL DEL CUSCO _cBIBLIOTECA MUNICIPAL DEL CUSCO |
||
| 082 |
_a868.5 / _bP44 |
||
| 100 |
_aPérez Escrich, Enrique _928995 |
||
| 245 |
_aLa mujer adúltera : _bnovela de costumbres / |
||
| 260 |
_aParís : _bGarnier hermanos, |
||
| 300 |
_a372 páginas ; _c18 cm. |
||
| 505 | _aContenido: t.3. Novela | ||
| 650 |
_aNovela de costumbres _910717 |
||
| 942 |
_2ddc _cLIBROS |
||
| 945 |
_aacv _d2019-05-03 |
||